Lease end briefing paper (Record no. 106359)

MARC details
000 -LEADER
fixed length control field 00837cam a2200193 4500
001 - CONTROL NUMBER
control field L136322
008 - FIXED-LENGTH DATA ELEMENTS--GENERAL INFORMATION
fixed length control field 070125n2005 000 0 eng u
035 ## - SYSTEM CONTROL NUMBER
System control number (Sirsi) u136322
041 0# - LANGUAGE CODE
Language code of text/sound track or separate title eng
110 2# - MAIN ENTRY--CORPORATE NAME
Corporate name or jurisdiction name as entry element Donaldsons
9 (RLIN) 3333
245 00 - TITLE STATEMENT
Title Lease end briefing paper
Medium [electronic resource]
260 ## - PUBLICATION, DISTRIBUTION, ETC.
Place of publication, distribution, etc. London
Name of publisher, distributor, etc. Donaldsons
Date of publication, distribution, etc. 2005
520 ## - SUMMARY, ETC.
Summary, etc. Discusses various issues that require consideration in preparing for lease ends, including relocation, dilapidations costs, spatial planning, fit out, and the legal requirements of the Landlord and Tenant Act.
650 24 - SUBJECT ADDED ENTRY--TOPICAL TERM
Topical term or geographic name entry element LANDLORD AND TENANT ACT 1988
651 #4 - SUBJECT ADDED ENTRY--GEOGRAPHIC NAME
Geographic name United Kingdom
Chronological subdivision
690 ## - LOCAL SUBJECT ADDED ENTRY--TOPICAL TERM (OCLC, RLIN)
Topical term or geographic name as entry element PROPERTY-COMMERCIAL PROPERTY-COMMERCIAL LANDLORD AND TENANT-COMMERCIAL LEASES
856 40 - ELECTRONIC LOCATION AND ACCESS
Processor of request ttp://www.donaldsons.co.uk/
Public note View the item free of charge at www.donaldsons.co.uk...
942 ## - ADDED ENTRY ELEMENTS (KOHA)
Suppress in OPAC 0
Holdings
Withdrawn status Lost status Source of classification or shelving scheme Damaged status Not for loan Home library Current library Shelving location Date acquired Total Checkouts Full call number Barcode Date last seen Copy number Price effective from Koha item type
    Dewey Decimal Classification     Virtual Virtual Online 25/01/2007   ONLINE PUBLICATION 136322-2001 06/08/2019 1 06/08/2019 Book